| Поле | Название | Значение |
| |
Тип записи |
a |
| |
Библиографический уровень |
a |
| 001 |
Контрольный номер |
RU/CBS_UL/BASE/997aaa76777d4d75813bdae608de6502 |
| 005 |
Дата корректировки |
20260426182515.2 |
| 100 |
Данные общей обработки |
__ |
| a |
Данные общей обработки |
20260416 ||| 0rusy0189 ca |
| 101 |
Язык документа |
0_ |
| a |
Язык текста |
rus |
| 102 |
Страна публикации |
__ |
| a |
Страна публикации |
RU |
| 200 |
Заглавие и сведения об ответственности |
1_ |
| a |
Заглавие |
Знаменосцы |
| e |
Сведения, относящиеся к заглавию |
[о командирах расчётов Парада Победы 1945 г.] |
| f |
Первые сведения об ответственности |
С. Экштут |
| 300 |
Общие примечания |
__ |
| a |
Общие примечания |
16+ |
| 320 |
Библиография |
__ |
| a |
Библиография |
Библиогр.: с. 19 |
| 461 |
Уровень набора |
_0 |
| 1 |
|
2000 |
| a |
|
Родина |
| 463 |
Уровень физической единицы |
_0 |
| 1 |
|
2000 |
| a |
|
№ 6 |
| v |
|
С. 10-19 : фот., ил. |
| 1 |
|
2101 |
| d |
|
2025 |
| 1 |
|
001RU/CBS_UL/BASE/c4ea6b36b25c4e4eb05f42ac9c78bf63 |
| 600 |
Персоналии |
_1 |
| a |
Персоналии (Фамилия) |
Аляутдинов |
| b |
Персоналии (Имя, инициалы) |
Н.М. |
| 600 |
Персоналии |
_1 |
| a |
Персоналии (Фамилия) |
Быченков |
| b |
Персоналии (Имя, инициалы) |
Г.А. |
| 600 |
Персоналии |
_1 |
| a |
Персоналии (Фамилия) |
Старов |
| b |
Персоналии (Имя, инициалы) |
И.Т. |
| 600 |
Персоналии |
_1 |
| a |
Персоналии (Фамилия) |
Труфанов |
| b |
Персоналии (Имя, инициалы) |
П.Т. |
| 600 |
Персоналии |
_1 |
| a |
Персоналии (Фамилия) |
Воркунов |
| b |
Персоналии (Имя, инициалы) |
А.А. |
| 600 |
Персоналии |
_1 |
| a |
Персоналии (Фамилия) |
Алеханов |
| b |
Персоналии (Имя, инициалы) |
Д.И. |
| 600 |
Персоналии |
_1 |
| a |
Персоналии (Фамилия) |
Сокольников |
| b |
Персоналии (Имя, инициалы) |
Н.П. |
| 600 |
Персоналии |
_1 |
| a |
Персоналии (Фамилия) |
Кубанов |
| b |
Персоналии (Имя, инициалы) |
С.Т. |
| 600 |
Персоналии |
_1 |
| a |
Персоналии (Фамилия) |
Толстобров |
| b |
Персоналии (Имя, инициалы) |
М.С. |
| 600 |
Персоналии |
_1 |
| a |
Персоналии (Фамилия) |
Дубов |
| b |
Персоналии (Имя, инициалы) |
В.П. |
| 600 |
Персоналии |
_1 |
| a |
Персоналии (Фамилия) |
Шенгур |
| b |
Персоналии (Имя, инициалы) |
И.П. |
| 600 |
Персоналии |
_1 |
| a |
Персоналии (Фамилия) |
Скряга |
| b |
Персоналии (Имя, инициалы) |
Ф.Г. |
| 610 |
Ключевые слова |
0_ |
| a |
Ключевые слова |
войны, Великая Отечественная война, Парад Победы 1945 года, фалеристика, герои и подвиги, человек на войне, военная история, архивные документы |
| 686 |
Индексы других классификаций |
__ |
| 2 |
Код системы |
rubbk |
| a |
Классификационный индекс |
63.3(2)622,13 |
| 700 |
Автор |
_1 |
| a |
Фамилия |
Экштут |
| b |
Имя (инициалы) |
С. |
| 801 |
Источник записи |
_0 |
| a |
Страна |
RU |
| b |
Организация |
МБУК ЦБС г. Ульяновска |
| c |
Дата составления |
20260416 |
| g |
Правила каталогизации |
RCR |
| 801 |
Источник записи |
_1 |
| a |
Страна |
RU |
| b |
Организация |
МБУК ЦБС г. Ульяновска |
| c |
Дата составления |
20260416 |
| g |
Правила каталогизации |
RCR |
| 901 |
Тип документа |
__ |
| t |
Тип документа |
b |
| w |
Контрольный № источника |
RU/CBS_UL/BASE/c4ea6b36b25c4e4eb05f42ac9c78bf63 |
| 909 |
Создатель записи |
__ |
| a |
Создатель записи |
lib1 |